000 00837nam a22002777a 4500
003 CHAP
005 20220329140817.0
008 971013s1961 r 00010 d
010 _a57981
011 _a58953
035 _a63110
040 _cCHAP
082 _a330.1
_bS55 1961
100 0 0 _aSmith, Adam.
_9106946
245 _aIndagación acerca de la naturaleza y las causas de la riqueza de las naciones
250 _a2 ed.
260 _aMadrid :
_bAguilar,
_c1961
590 _aBATCH-UPD
_b10
_c20130110
_lUCH01
_h1839
590 _aBATCH-UPD
_b10
_c20130410
_lUCH01
_h1209
590 _aBATCH-UPD
_b10
_c20130914
_lUCH01
_h1232
590 _aCONVERSION
_b10
_c20130109
_lUCH01
_h1331
650 1 4 _aEconomía.
_935226
901 _aBK
942 _cLIBRO
949 _a330.1 S55 1961
_bBC
_cLIBRO
_d33724000314704
_eLIBRO
_h2177
_i63110
_si
999 _c57981
_d57981